Danske Kommuners Våbenskjold - Statistics

General Stats
  • This quiz has been taken 99 times
  • The average score is 26 of 98
Answer Stats
Picture Answer % Correct
Brøndby
81%
Frederikshavn
79%
Læsø
79%
Norddjurs
79%
Aarhus
73%
København
48%
Fanø
40%
Slagelse
40%
Tårnby
40%
Frederiksberg
38%
Greve
38%
Guldborgsund
38%
Lyngby-Taarbæk
38%
Varde
38%
Allerød
35%
Gladsaxe
35%
Jammerbugt
35%
Esbjerg
33%
Kalundborg
33%
Rødovre
33%
Aabenraa
31%
Faxe
31%
Haderslev
31%
Lolland
31%
Odsherred
31%
Silkeborg
31%
Solrød
31%
Aalborg
29%
Næstved
29%
Roskilde
29%
Svendborg
29%
Syddjurs
29%
Frederikssund
27%
Ikast-Brande
27%
Odense
27%
Rebild
27%
Skanderborg
27%
Vallensbæk
27%
Vejen
27%
Vordingborg
27%
Bornholm
25%
Faaborg-Midtfyn
25%
Fredensborg
25%
Gentofte
25%
Hillerød
25%
Horsens
25%
Kerteminde
25%
Mariager Fjord
25%
Morsø
25%
Nyborg
25%
Ringsted
25%
Rudersdal
25%
Ballerup
23%
Dragør
23%
Favrskov
23%
Gribskov
23%
Holstebro
23%
Hørsholm
23%
Hvidovre
23%
Odder
23%
Thisted
23%
Brønderslev
21%
Egedal
21%
Helsingør
21%
Middelfart
21%
Stevns
21%
Tønder
21%
Billund
19%
Fredericia
19%
Furesø
19%
Hjørring
19%
Høje-Taastrup
19%
Holbæk
19%
Langeland
19%
Ærø
17%
Albertslund
17%
Glostrup
17%
Ishøj
17%
Køge
17%
Lejre
17%
Randers
17%
Ringkøbing-Skjern
17%
Samsø
17%
Vejle
17%
Vesthimmerland
17%
Herlev
15%
Herning
15%
Skive
15%
Sorø
15%
Assens
13%
Halsnæs
13%
Hedensted
13%
Kolding
13%
Struer
13%
Sønderborg
10%
Lemvig
8%
Nordfyn
8%
Viborg
8%
No matching quizzes found
Score Distribution
Percent of People with Each Score
Percentile by Number Answered
Your Score History
You have not taken this quiz